| 000 | 00383nam a2200169Ia 4500 | ||
|---|---|---|---|
| 005 | 20240823005826.0 | ||
| 008 | 240823s9999||||xx |||||||||||||| ||und|| | ||
| 082 | _A621.3815 N2 | ||
| 100 | _aBPB | ||
| 245 | 0 | _aCMOS Data Book | |
| 250 | _a1st | ||
| 260 |
_c1992 _b"BPB,New Delhi" |
||
| 500 | _aTRANSFERED | ||
| 650 |
_aElectronics _bElectronics |
||
| 942 | _cBK | ||
| 999 |
_c156835 _d156835 |
||